000 00369nam a2200133Ia 4500
008 170221s9999 xx 000 0 und d
100 _aCiorstan Smark
245 _aEditorial Volume 8 Issue 3
245 _cCiorstan Smark
260 _c2012
300 _a32 : 17
650 _xBusiness
856 _uhttp://ro.uow.edu.au/cgi/viewcontent.cgi?article=1487&context=aabfj
999 _c311382
_d311382